Ordenança sobre la defensa dels consumidors i usuaris / Sofía Moreno Arribas..., Susana Martínez Novell...
Descripción Física:
70 p. ; 21 cm
Colección:
Consum ; 23
Otros Autores:
Martínez Novell, Susana
MARC
| LEADER | 00000nam a2200000Ia 4500 | ||
|---|---|---|---|
| 001 | 12545 | ||
| 008 | 160829s2000 xx 000 0 cat d | ||
| 080 | |a M-3-380 | ||
| 100 | |a Moreno Arribas, Sofía |9 22613 | ||
| 245 | |a Ordenança sobre la defensa dels consumidors i usuaris / Sofía Moreno Arribas..., Susana Martínez Novell... | ||
| 260 | |a Barcelona : |b Diputació de Barcelona. Servei de Salut Pública i Consum, |c 2000 | ||
| 300 | |a 70 p. ; |c 21 cm | ||
| 490 | |a Consum ; 23 | ||
| 650 | |a Consumidors |x Protecció |x Catalunya |9 22614 | ||
| 650 | |a Dret municipal |x Catalunya |9 22171 | ||
| 700 | |a Martínez Novell, Susana |9 22615 | ||
| 901 | |a Arxiu | ||
| 942 | |n 1 | ||
| 952 | |0 0 |1 0 |4 0 |6 M3380 |7 1 |9 42253 |a Arxiu |b Arxiu |d 2016-12-01 |l 0 |o M-3-380 |p 12545 |r 2016-12-01 00:00:00 |w 2016-12-01 |y ARXIU | ||
| 999 | |c 44731 |d 44731 | ||